000 00251nam a22001097a 4500
041 _aENG
245 _aMaharashtra Sirchan Parishai 2001 Smaranika
260 _aAkola
_bDr.P,D.K.V Akola
_c2001
300 _a50
650 _aGAE (15)
856 _uGAE (15)
999 _c2972
_d2972